| 000 | 00469nam a22001697a 4500 | ||
|---|---|---|---|
| 999 |
_c12448 _d12448 |
||
| 008 | 210202b ||||| |||| 00| 0 eng d | ||
| 041 | 0 | _aeng | |
| 082 | 0 | 0 |
_a621.3 _bG9775 |
| 100 |
_91846 _aGupta, J.B. |
||
| 245 | 1 | 0 |
_aA course Electrical Technology In Ratioalized M.K.S.A Units / _cby J.B. Gupta |
| 250 | _a2nd ed. | ||
| 260 |
_aLudhiana : _bKatson publication, _c1970. |
||
| 300 | _avi,750p. | ||
| 365 | _d35.00 | ||
| 650 | 0 | _aElectrical technology | |
| 942 | _cBK | ||